000 00955nam a2200277Ka 4500
001 298976338
003 OSt
005 20170316144749.0
008 090121s2003 miu b 001 0 eng
020 _a9780802827432 (v.1)
020 _a0802827438 (v.1)
020 _a9780802827449 (v.2)
020 _a0802827446 (v.2)
100 1 _aTerrien, Samuel L.,
_d1911-
245 1 4 _aThe Psalms :
_bstrophic structure and theological commentary /
_cSamuel Terrien.
260 _aGrand Rapids, Mich. :
_bWilliam B. Eerdmans Pub.,
_cc2003-
300 _a2 v. ;
_c25 cm.
440 _aThe Eerdmans critical commentary
504 _aIncludes bibliographical references and indexes.
505 0 _av.1 Psalms 1-72 -- v.2 Psalms 73-150.
630 0 0 _aBible.
_pPsalms
_vCommentaries.
630 0 0 _aBible.
_pPsalms
_xTheology.
650 0 _aHebrew poetry, Biblical
_xHistory and criticism.
650 0 _aHebrew language
_xMetrics and rhythmics.
942 _2lcc
_cBK
999 _c40441
_d40441